Bọ đục cành và đọt xoài non (Coleoptera: Curculionidae) tại ĐBSCL: Thành phần loài, các đặc điểm hình thái, sinh học, và biện pháp phòng trừ. Luận văn Thạc sĩ khoa học Nông nghiệp. Chuyên ngành: Bảo vệ thực vật

Nội dung xác định loại thành phần bọ cánh cứng gây hại trên cành và đọt xoài non; khảo sát sự phân bố và đặc điểm về hình thái, sinh học của chúng

সংরক্ষণ করুন:
গ্রন্থ-পঞ্জীর বিবরন
প্রধান লেখক: Nguyễn, Quang Huy
বিন্যাস: গ্রন্থ
ভাষা:Undetermined
প্রকাশিত: Cần Thơ Trường Đại học Cần Thơ 2010
বিষয়গুলি:
ট্যাগগুলো: ট্যাগ যুক্ত করুন
কোনো ট্যাগ নেই, প্রথমজন হিসাবে ট্যাগ করুন!
Thư viện lưu trữ: Trung tâm Học liệu Trường Đại học Cần Thơ
LEADER 01143nam a2200217Ia 4500
001 CTU_160596
008 210402s9999 xx 000 0 und d
082 |a 372.76 
082 |b H523 
088 |a 606210 
100 |a Nguyễn, Quang Huy 
245 0 |a Bọ đục cành và đọt xoài non (Coleoptera: Curculionidae) tại ĐBSCL: Thành phần loài, các đặc điểm hình thái, sinh học, và biện pháp phòng trừ. 
245 0 |b Luận văn Thạc sĩ khoa học Nông nghiệp. Chuyên ngành: Bảo vệ thực vật 
245 0 |c Nguyễn Quang Huy ; Nguyễn Thị Thu Cúc (Hướng dẫn Khoa học) 
260 |a Cần Thơ 
260 |b Trường Đại học Cần Thơ 
260 |c 2010 
520 |a Nội dung xác định loại thành phần bọ cánh cứng gây hại trên cành và đọt xoài non; khảo sát sự phân bố và đặc điểm về hình thái, sinh học của chúng 
650 |a Coconut,Mango,Xoài 
904 |i Năm, Thuỳ 
980 |a Trung tâm Học liệu Trường Đại học Cần Thơ